000 00363nam a22001457a 4500
020 _a9788183601917
082 _a664.
_bSHA/OB
100 _aSharma, Sanjeev Kumar
_9773
100 _aKalwit, Harshad Kiran
_9774
245 _aObjective Food Science
250 _a6 th Rev. enlarged
260 _aNew Delhi
_bJain Brothers
_c2014-15
300 _a884
942 _cBK
999 _c13660
_d13660